000 00711cam a22002053a 4500
001 43537
003 PGUSA
005 20140828084006.0
008 130822s2013||||xxu|||||s|||||000 | eng d
040 _aPGUSA
_beng
042 _adc
100 1 _aRussell, William Howard,
_cSir,
_d1820-1907
245 1 0 _aHesperothen; Notes from the West, Vol. 1 (of 2) :
_bA Record of a Ramble in the United States and Canada in the Spring and Summer of 1881
_h[electronic resource] /
_cWilliam Howard, Russell
260 _bProject Gutenberg,
_c2013
506 _aPublic domain in the USA.
516 _aElectronic text
830 0 _aProject Gutenberg
_v43537
856 4 0 _uhttp://www.gutenberg.org/ebooks/43537
942 _cEB
999 _c272788
_d272788